[Event "First Lady's Cup"]
[Site "Bali INA"]
[Date "1983.12.10"]
[Round "20"]
[White "Gunawan, Ronny"]
[Black "Hulak, Krunoslav"]
[Result "1/2-1/2"]
[WhiteElo "2400"]
[BlackElo "2530"]
[EventDate "1983.11.13"]
[PlyCount "26"]

1.d4 Nf6 2.c4 e6 3.Nf3 c5 4.Nc3 cxd4 5.Nxd4 Bb4 6.Nb5 Nc6 7.a3 Bxc3+ 8.
Nxc3 d5 9.cxd5 exd5 10.e3 O-O 11.Be2 Bf5 12.O-O d4 13.exd4 Nxd4 1/2-1/2

[Event "First Lady's Cup"]
[Site "Bali INA"]
[Date "1983.12.10"]
[Round "20"]
[White "Lobron, Eric"]
[Black "Henley, Ronald Watson"]
[Result "1/2-1/2"]
[WhiteElo "2480"]
[BlackElo "2525"]
[EventDate "1983.11.13"]
[PlyCount "39"]

1.e4 e6 2.d4 d5 3.Nd2 c5 4.exd5 Qxd5 5.Ngf3 cxd4 6.Bc4 Qd6 7.O-O Nf6 8.Nb3
Nc6 9.Qe2 Be7 10.Rd1 e5 11.Bb5 Bg4 12.Nbd2 Nd7 13.h3 Bxf3 14.Nxf3 O-O 15.
c3 Bf6 16.Be3 Rad8 17.Rac1 Ndb8 18.cxd4 Nxd4 19.Bxd4 exd4 20.Qc2 1/2-1/2

[Event "First Lady's Cup"]
[Site "Bali INA"]
[Date "1983.12.10"]
[Round "20"]
[White "Ardiansyah"]
[Black "Yusupov, Artur"]
[Result "1/2-1/2"]
[WhiteElo "2450"]
[BlackElo "2555"]
[EventDate "1983.11.13"]
[PlyCount "56"]

1.d4 d5 2.Nf3 Nf6 3.g3 c6 4.Bg2 Bf5 5.O-O e6 6.c4 Nbd7 7.Nc3 h6 8.cxd5 
exd5 9.h3 Bd6 10.Nd2 O-O 11.e4 dxe4 12.Ndxe4 Nxe4 13.Nxe4 Bxe4 14.Bxe4 Nf6
15.Bg2 Bc7 16.b4 a6 17.a4 Qd7 18.Bb2 Nd5 19.Qb3 Rad8 20.Rfe1 Rfe8 21.b5 
Rxe1+ 22.Rxe1 cxb5 23.axb5 Qxb5 24.Qxb5 axb5 25.Bxd5 Rxd5 26.Re8+ Kh7 27.
Re7 Bb6 28.Rxb7 Bxd4 1/2-1/2

[Event "First Lady's Cup"]
[Site "Bali INA"]
[Date "1983.12.10"]
[Round "20"]
[White "Torre, Eugenio"]
[Black "Radulov, Ivan"]
[Result "1/2-1/2"]
[WhiteElo "2570"]
[BlackElo "2490"]
[EventDate "1983.11.13"]
[PlyCount "20"]

1.d4 d5 2.Nf3 Nf6 3.c4 dxc4 4.Nc3 c5 5.d5 e6 6.e4 exd5 7.e5 Nfd7 8.Nxd5 
Nb6 9.Nxb6 Qxd1+ 10.Kxd1 axb6 1/2-1/2

[Event "First Lady's Cup"]
[Site "Bali INA"]
[Date "1983.12.10"]
[Round "20"]
[White "Andersson, Ulf"]
[Black "Adorjan, Andras"]
[Result "1/2-1/2"]
[WhiteElo "2640"]
[BlackElo "2535"]
[EventDate "1983.11.13"]
[PlyCount "144"]

1.Nf3 c5 2.c4 b6 3.g3 g6 4.Bg2 Bb7 5.d4 cxd4 6.Qxd4 Nf6 7.b3 Nc6 8.Qd1 Ne5
9.O-O Nxf3+ 10.exf3 Bg7 11.Nc3 O-O 12.Bb2 Qc7 13.Re1 Rfe8 14.Re3 Rad8 15.
Qe2 d6 16.Re1 Qb8 17.Ne4 Nxe4 18.fxe4 Be5 19.Rd1 Bxb2 20.Qxb2 Rc8 21.e5 
Bxg2 22.Kxg2 dxe5 23.Qxe5 Qxe5 24.Rxe5 Rc7 25.Red5 Kg7 26.Kf3 a6 27.Ke3 
Rc6 28.R1d4 Rec8 29.Rd7 b5 30.cxb5 Re6+ 31.Re4 Rxe4+ 32.Kxe4 axb5 33.Rxe7 
Rc2 34.Ke3 Rxa2 35.Rb7 g5 36.Rxb5 Kg6 37.h3 Rb2 38.g4 f6 39.Rb7 h5 40.Kf3 
Rc2 41.Re7 Rb2 42.Re3 f5 43.gxf5+ Kxf5 44.Rc3 Kf6 45.Kg3 Kf5 46.Rf3+ Ke4 
47.Re3+ Kf5 48.Rc3 Rd2 49.b4 Rb2 50.Rc5+ Kg6 51.b5 Rb4 52.Kf3 Rb3+ 53.Kg2 
Kf6 54.Rd5 Rb2 55.Kg3 Kg6 56.Re5 Kf6 57.Rd5 Kg6 58.Kf3 h4 59.Kg2 Kf6 60.
Rc5 Kg6 61.Re5 Kf6 62.Rd5 Kg6 63.Rc5 Kf6 64.Kf3 Kg6 65.Rc6+ Kf5 66.Rb6 
Rb3+ 67.Kg2 g4 68.hxg4+ Kxg4 69.f3+ Kf4 70.Rb8 h3+ 71.Kh2 Kxf3 72.b6 Kg4 
1/2-1/2

[Event "First Lady's Cup"]
[Site "Bali INA"]
[Date "1983.12.10"]
[Round "20"]
[White "Kovacevic, Vladimir"]
[Black "Utut Adianto"]
[Result "0-1"]
[WhiteElo "2540"]
[BlackElo "2385"]
[EventDate "1983.11.13"]
[PlyCount "82"]

1.d4 Nf6 2.Nf3 c5 3.e3 e6 4.Nbd2 b6 5.Bd3 Bb7 6.O-O cxd4 7.exd4 Be7 8.Re1 
O-O 9.b3 d6 10.Bb2 Nbd7 11.Rc1 Rc8 12.a3 Re8 13.c4 Bf8 14.b4 g6 15.Qb3 Bg7
16.Bf1 e5 17.dxe5 dxe5 18.Rcd1 Qc7 19.Ng5 h6 20.Nge4 Rcd8 21.Nc3 e4 22.h3 
Qf4 23.Ne2 Qg5 24.Ng3 h5 25.Bc1 Qe5 26.Nf3 Qc7 27.Ng5 h4 28.Ne2 Ne5 29.Nd4
a6 30.Be2 Qe7 31.f3 exf3 32.Bxf3 Rxd4 33.Rxd4 Nxf3+ 34.Nxf3 Qxe1+ 35.Nxe1 
Rxe1+ 36.Kh2 Nh5 37.Rd8+ Kh7 38.Bb2 Ng3 39.Rd1 Re2 40.Rg1 Rxb2 41.Qe3 Nf1+
0-1

[Event "First Lady's Cup"]
[Site "Bali INA"]
[Date "1983.12.12"]
[Round "21"]
[White "Radulov, Ivan"]
[Black "Handoko, Edhi"]
[Result "1-0"]
[WhiteElo "2490"]
[BlackElo "2420"]
[EventDate "1983.11.13"]
[PlyCount "63"]

1.e4 e5 2.Nf3 Nc6 3.Bc4 Be7 4.Nc3 Nf6 5.d4 d6 6.dxe5 dxe5 7.Qxd8+ Bxd8 8.
Bg5 O-O 9.O-O-O Bg4 10.h3 Bxf3 11.gxf3 h6 12.Be3 Be7 13.Nd5 Nxd5 14.Bxd5 
Bd6 15.c3 a5 16.a4 Rab8 17.Rhg1 Kh7 18.Rg2 Ne7 19.Bc4 Ng8 20.Kc2 Nf6 21.
Rgg1 g6 22.Rd2 Kg7 23.Rgd1 Rfc8 24.Bb5 Ng8 25.Bb6 Be7 26.Bxa5 Ra8 27.Bd7 
Nf6 28.Bxc8 Rxc8 29.c4 Bd6 30.Bc3 g5 31.b4 b6 32.Rxd6 1-0

[Event "First Lady's Cup"]
[Site "Bali INA"]
[Date "1983.12.12"]
[Round "21"]
[White "Adorjan, Andras"]
[Black "Gunawan, Ronny"]
[Result "1/2-1/2"]
[WhiteElo "2535"]
[BlackElo "2400"]
[EventDate "1983.11.13"]
[PlyCount "24"]

1.e4 e6 2.d4 d5 3.Nd2 c5 4.exd5 exd5 5.Bb5+ Bd7 6.Qe2+ Qe7 7.Bxd7+ Nxd7 8.
dxc5 Qxe2+ 9.Nxe2 Bxc5 10.Nb3 Ngf6 11.Nxc5 Nxc5 12.Be3 Ne6 1/2-1/2

[Event "First Lady's Cup"]
[Site "Bali INA"]
[Date "1983.12.12"]
[Round "21"]
[White "Hulak, Krunoslav"]
[Black "Torre, Eugenio"]
[Result "1/2-1/2"]
[WhiteElo "2530"]
[BlackElo "2570"]
[EventDate "1983.11.13"]
[PlyCount "27"]

1.g3 g6 2.Bg2 c5 3.c4 Bg7 4.Nc3 Nc6 5.e3 e6 6.Nge2 Nge7 7.O-O O-O 8.d4 
cxd4 9.Nxd4 d5 10.cxd5 Nxd4 11.exd4 Nxd5 12.Nxd5 exd5 13.Be3 Be6 14.Qb3 
1/2-1/2

[Event "First Lady's Cup"]
[Site "Bali INA"]
[Date "1983.12.12"]
[Round "21"]
[White "Tarjan, James Edward"]
[Black "Kovacevic, Vladimir"]
[Result "1/2-1/2"]
[WhiteElo "2535"]
[BlackElo "2540"]
[EventDate "1983.11.13"]
[PlyCount "89"]

1.d4 Nf6 2.c4 e6 3.Nf3 d5 4.Bg5 Bb4+ 5.Nc3 Nbd7 6.cxd5 exd5 7.e3 c5 8.Be2 
Qa5 9.O-O O-O 10.dxc5 Bxc3 11.bxc3 Qxc5 12.Rc1 Qa5 13.c4 b6 14.cxd5 Nxd5 
15.Qd4 h6 16.Bc4 N5f6 17.Bxf6 Nxf6 18.Ne5 Be6 19.Bxe6 fxe6 20.Nc6 Qh5 21.
f3 Nd5 22.e4 Nf4 23.Rc2 Kh7 24.g3 Nh3+ 25.Kg2 Ng5 26.f4 Qh3+ 27.Kg1 Rac8 
28.e5 Qf5 29.Rcc1 Nh3+ 30.Kg2 Rf7 31.Qe3 Qg4 32.Kh1 g5 33.Nd4 Rxc1 34.Qxc1
gxf4 35.Qc2+ Kg7 36.Qc8 fxg3 37.Rxf7+ Kxf7 38.Qd7+ Kf8 39.hxg3 Ng5 40.Qd8+
Kg7 41.Qf6+ Kh7 42.Qe7+ Kg6 43.Qe8+ Kg7 44.Qe7+ Kg6 45.Qe8+ 1/2-1/2

[Event "First Lady's Cup"]
[Site "Bali INA"]
[Date "1983.12.12"]
[Round "21"]
[White "Romanishin, Oleg"]
[Black "Andersson, Ulf"]
[Result "0-1"]
[WhiteElo "2575"]
[BlackElo "2640"]
[EventDate "1983.11.13"]
[PlyCount "102"]

1.Nf3 c5 2.g3 g6 3.c3 Bg7 4.d4 cxd4 5.cxd4 d5 6.Nc3 Nf6 7.Ne5 e6 8.Bg2 O-O
9.O-O Nfd7 10.Nf3 Nc6 11.Bf4 Nf6 12.Rc1 Ne4 13.Ne5 Nxc3 14.bxc3 Nxe5 15.
dxe5 Bd7 16.e4 dxe4 17.Bxe4 Qc7 18.Qf3 Bxe5 19.Bxe5 Qxe5 20.Bxb7 Rab8 21.
c4 Qc5 22.h4 h5 23.Be4 Rfd8 24.Rfd1 Be8 25.Rxd8 Rxd8 26.Qe3 Rc8 27.Qxc5 
Rxc5 28.f4 Kf8 29.Rc3 Ke7 30.Kf2 Kd6 31.Rd3+ Kc7 32.Rc3 Ra5 33.a3 Kd6 34.
Ke3 Kc5 35.Bf3 Ra6 36.Rd3 Rb6 37.Be2 Ba4 38.Rd8 Rb3+ 39.Kf2 Rxa3 40.Rf8 
Ra2 41.Ke3 Ra3+ 42.Kf2 Bc6 43.Rxf7 a5 44.g4 hxg4 45.Bxg4 a4 46.Bxe6 Rf3+ 
47.Ke2 a3 48.Bd5 a2 49.Ra7 Rh3 50.Bxc6 Kxc6 51.Kf2 Rh1 0-1